000
00322nam a22001457a 4500
003
OSt
005
20160727222408.0
008
160624b xxu||||| |||| 00| 0 eng d
040
_c
TEST
100
_9
913
_a
Johnson, W.W
245
_a
Mexico
260
_a
NEW YORK
_b
TIME LIFE BOOKS
_c
1971
300
_a
Mexico
942
_2
ddc
_c
BK
999
_c
726
_d
726